Szczegóły MARC21

Bildungscontrolling im DV-Bereich : Konzepte - Meilensteine - Checklisten /

005 -DATA I CZAS OSTATNIEJ MODYFIKACJI [,]
    • @
    • pole kontrolne
    • 20070315155141.9
020 -Międzynarod. znormalizowany nr książki - ISBN [ , ]
    • a
    • Numer ISBN
    • 3446210806 Find
040 -Instytucja sporządzająca opis [ , ]
    • a
    • Instytucja, która sporządziła opis (NP)
    • SZCZ U
    • c
    • Instytucja, która sporządziła rekord (NP)
    • SZCZ U
041 -Język dokumentu [0, ]
    • a
    • Język tekstu (P)
    • niemiecki
    • h
    • Język tekstu oryginalnego i/lub pośredniego (P)
    • niemiecki
942 -Rodzaj dokumentu [ , ]
    • c
    • Rodzaj dokumentu
    • Książka
100 -Hasło główne - nazwa osobowa [ , ]
    • a
    • Nazwa osobowa (NP)
    • LEHNERT, UWE
245 -Strefa tytułu i oznaczenia odpowiedzialności [1, ]
    • a
    • Tytuł
    • Bildungscontrolling im DV-Bereich : Find
    • b
    • Ciąg dalszy tytułu (NP)
    • Konzepte - Meilensteine - Checklisten / Find
    • c
    • Pozostałe elementy strefy tytułu i oznaczenia odpowiedzialności (NP)
    • Uwe Lehnert.
260 -Strefa adresu wydawniczego [ , ]
    • a
    • Miejsce wydania (P)
    • München ; Wien :
    • b
    • Nazwa wydawcy (P)
    • C.Hanser,
    • c
    • Data wydania (P)
    • 1999.
300 -Strefa opisu fizycznego [ , ]
    • a
    • Określenie formy książki i/lub objętość (NP)
    • 204 s. :
    • b
    • Oznaczenie ilustracji (NP)
    • rys., wykr. :
    • c
    • Format (NP)
    • 23 cm +
    • e
    • Oznaczenie dokumentu towarzyszącego (NP)
    • dyskietka.
500 -Uwaga ogólna [ , ]
    • a
    • Uwaga ogólna (NP)
    • Bibliogr. Ind
080 -Uniwersalna Klasyfikacja Dziesiętna [ , ]
    • a
    • Symbol klasyfikacji
    • 658.14/.17.012.2=30
080 -Uniwersalna Klasyfikacja Dziesiętna [ , ]
    • a
    • Symbol klasyfikacji
    • :004.451=30
080 -Uniwersalna Klasyfikacja Dziesiętna [ , ]
    • a
    • Symbol klasyfikacji
    • :004.65=30
980 -Symbol UKD [ , ]
    • a
    • UKD
    • 658.14/.17.012.2:004.451:004.65]=30
920 -ISBN [ , ]
    • a
    • ISBN
    • 3-446-21080-6 Find
Data inwentaryzacji Lokalizacja Status udost. Sygnatura Numer inwentarzowy
2001-04-09BE-2FUNDACJA POLSKO-NIEMIECKAS.87813